Logo BPK

Bibliografia Prac Pracowników

Politechniki Koszalińskiej

Chosen problems of modelling the polishing surface process with the application of flexible grinding tools = (Rekord nr 4792)

Szczegóły MARC
000 -ETYKIETA REKORDU
podpole kontrolne o stałej długości 01702nab a2200265 i 4500
001 - NUMER KONTROLNY REKORDU
podpole kontrolne BPP
003 - IDENTYFIKATOR NUMERU KONTROLNEGO REKORDU
podpole kontrolne BPK
005 - DATA OSTATNIEJ MODYFIKACJI REKORDU
podpole kontrolne 20180215121246.0
008 - POLE O STAŁEJ DŁUGOŚCI - DANE KONTROLNE
podpole kontrolne o stałej długości 140711s2004 pl f |000 0 eng
040 ## - ŹRÓDŁO KATALOGOWANIA
Instytucja, która utworzyła rekord BPK
041 ## - KOD JĘZYKA
Kod języka tekstu eng
Kod języka streszczenia lub abstraktu pol
044 ## - KOD KRAJU WYDAWCY/PRODUCENTA
Kod kraju wydawcy/producenta POL
080 ## - UNIWERSALNA KLASYFIKACJA DZIESIĘTNA - UKD
UKD 621.9
100 ## - NAZWA OSOBOWA
Nazwa osobowa MAKUCH, Sławomir Jacek.
Instytucja Politechnika Koszalińska - Wydział Mechaniczny,
Wydział Katedra Mechaniki Precyzyjnej
245 ## - TYTUŁ/ODPOWIEDZIALNOŚĆ
Tytuł Chosen problems of modelling the polishing surface process with the application of flexible grinding tools =
Ciąg dalszy tytułu Wybrane zagadnienia modelowania procesu wygładzania powierzchni podatnymi narzędziami ściernymi /
Pozostałe elementy strefy tytułu i oznaczenia odpowiedzialności Sławomir Makuch.
260 ## - STREFA ADRESU WYDAWNICZEGO
Data publikacji, dystrybucji/powstania dokumentu 2004.
500 ## - UWAGI OGÓLNE
Tekst uwagi Dane z autopsji.
520 ## - UWAGA DOTYCZĄCA TREŚCI DOKUMENTU
Analiza dokumentacyjna, adnotacja itp. W artykule omówiono proces wygładzania powierzchni ziarnami ściernymi umieszczonymi na podatnym nośniku. Uwzględniona została typowa cecha podatnych narzędzi ściernych polegająca na zmianie wzajemnego położenia ziaren podczas obróbki. Wygładzanie narzędziami ściernymi o porowatych spoiwach elastycznych jest wydajnym sposobem obróbki zarówno powierzchni płaskich jak i kształtowych. W artykule zaprezentowano wyniki symulacji matematycznych obciążenia ostrzy i procesu kształtowania obrabianej powierzchni.
650 #0 - HASŁO PRZEDMIOTOWE W FORMIE NAZWY OGÓLNEJ LUB JEDNOSTKOWEJ
Nazwa ogólna lub geograficzna Materiały ścierne.
650 #0 - HASŁO PRZEDMIOTOWE W FORMIE NAZWY OGÓLNEJ LUB JEDNOSTKOWEJ
Nazwa ogólna lub geograficzna Szlifowanie - narzędzia i maszyny.
655 #0 - TERMIN INDEKSOWY - OKREŚLENIE RODZAJU/FORMY DOKUMENTU
Określnie rodzaju/formy dokumentu Materiały konferencyjne.
773 ## - TYTUŁ DOKUMENTU MACIERZYSTEGO
Wyrażenie wprowadzające W :
Tytuł Scientific Book of the Department of Mechanical Engineering = Zeszyty Naukowe Wydziału Mechanicznego Politechniki Koszalińskiej. -
Informacje dotyczące relacji 2004, nr 33, s. 211-218
711 ## - HASŁO DODATKOWE - NAZWA IMPREZY
Nazwa imprezy Naukowe Seminarium Polsko-Francuskie nt. Nowoczesne techniki i technologie
Data imprezy (2004 ;
Miejsce imprezy Koszalin, Polska).
942 ## - HASŁO DODATKOWE - ELEMENTY(KOHA)
Typ dokumentu Artykuł
Schemat klasyfikacji Uniwersalna klasyfikacja dziesiętna
Egzemplarze
Wycofany Zagubiony Uszkodzony Dostępność Lokalizacja stała Lokalizacja bieżąca Sygnatura Typ dokumentu
      Dostępny Bibliografia Prac Pracowników - BPK Bibliografia Prac Pracowników - BPK 0100 Artykuł
© 2014 Biblioteka Politechniki Koszalińskiej :: BIBLIOGRAFIA PRAC PRACOWNIKÓW